| 000 | 00409nam a2200145 4500 | ||
|---|---|---|---|
| 001 | 136546 | ||
| 003 | ES-MaACL | ||
| 007 | t| | ||
| 008 | 070214s1904 fr r ||||1| fre d | ||
| 100 | 1 |
_aRuyssen, Theodore. _9101088 |
|
| 245 | 1 | 0 |
_aEssai sur l'evolution psychologique du fugement / _cTheodore Ruyssen. |
| 260 |
_aParis : _bFélix Alcan, _c1904. |
||
| 300 |
_a382 p. ; _c23 cm. |
||
| 852 |
_aES-MaACL _jB-7077 |
||
| 999 |
_c136546 _d136546 |
||